[Event "RC-2011-0-00093"]
[Site "LSS email"]
[Date "2012.02.29"]
[Round "?"]
[White "Pews, Kristine"]
[Black "Lacunza, Mario"]
[Result "1/2-1/2"]
[WhiteElo "1627"]
[BlackElo "1725"]
[PlyCount "77"]
[EventDate "2011.11.30"]
[EventType "tourn (corr)"]
[EventRounds "6"]
[EventCountry "GER"]
[SourceTitle "Corr 2015"]
[Source "ChessBase"]
[SourceDate "2015.07.17"]
[SourceVersion "1"]
[SourceVersionDate "2015.07.17"]
[SourceQuality "1"]

1. Nf3 Nf6 2. g3 e6 3. Bg2 d5 4. 0-0 Bd6 5. d3 0-0 6. Nbd2 c5 7. c3 Nc6 8. e4 Bc7 9. Re1 Bd7 10. h3 a5 11. e5 Ne8 12. d4 cxd4 13. cxd4 f6 14. Nb3 b6 15. Bd2 Qb8 16. Bc3 Qb7 17. h4 a4 18. Nc1 a3 19. Ne2 fxe5 20. dxe5 b5 21. b4 Bb6 22. Nf4 Qa7 23. Re2 Nc7 24. Rc1 Rac8 25. Ng5 h6 26. Ne4 Ne8 27. Nc5 Bxc5 28. bxc5 Nc7 29. Ba1 Rf7 30. Re3 Rcf8 31. Qd3 b4 32. Rf3 Bc8 33. Qg6 Ne7 34. Qc2 Ba6 35. Bh3 Bc4 36. Bg4 Qa5 37. Qb1 Qb5 38. h5 Nc6 39. Qg6 1/2-1/2

[Event "RC-2011-0-00091"]
[Site "LSS email"]
[Date "2012.01.09"]
[Round "?"]
[White "Pews, Kristine"]
[Black "Ermolaev, Maksim Andreevich"]
[Result "0-1"]
[WhiteElo "1656"]
[BlackElo "1927"]
[PlyCount "70"]
[EventDate "2011.11.19"]
[EventType "tourn (corr)"]
[EventRounds "6"]
[EventCountry "GER"]
[SourceTitle "Telechess CBM 155"]
[Source "ChessBase"]
[SourceDate "2013.07.16"]
[SourceVersion "1"]
[SourceVersionDate "2013.07.16"]
[SourceQuality "1"]

1. Nf3 Nf6 2. g3 g6 3. Bg2 Bg7 4. 0-0 0-0 5. d3 d5 6. Nbd2 c5 7. e4 Nc6 8. c3 dxe4 9. dxe4 h6 10. Qc2 Be6 11. Nb3 b6 12. Rd1 Qc8 13. e5 Nd5 14. a3 Rd8 15. c4 Bf5 16. Qe2 Nc7 17. Rxd8+ Qxd8 18. Bf4 Bd3 19. Qe3 Bxc4 20. Bxh6 Nd5 21. Qe4 Bxb3 22. Bxg7 Kxg7 23. Nd2 Nd4 24. Nxb3 Nxb3 25. Qxd5 Nxa1 26. Qxa8 Qd1+ 27. Bf1 Nb3 28. Qg2 e6 29. g4 Nd2 30. f4 Nxf1 31. Qxf1 Qxg4+ 32. Kh1 g5 33. fxg5 Qe4+ 34. Qg2 Qb1+ 35. Qg1 Qxg1+ 0-1

[Event "RC-2011-0-00091"]
[Site "LSS email"]
[Date "2012.01.04"]
[Round "?"]
[White "Pews, Kristine"]
[Black "Pott, Brian"]
[Result "1/2-1/2"]
[WhiteElo "1656"]
[BlackElo "1695"]
[PlyCount "63"]
[EventDate "2011.11.19"]
[EventType "tourn (corr)"]
[EventRounds "6"]
[EventCountry "GER"]
[SourceTitle "Telechess CBM 155"]
[Source "ChessBase"]
[SourceDate "2013.07.16"]
[SourceVersion "1"]
[SourceVersionDate "2013.07.16"]
[SourceQuality "1"]

1. Nf3 Nf6 2. g3 g6 3. Bg2 Bg7 4. 0-0 0-0 5. d3 d6 6. Nbd2 c5 7. e4 Nc6 8. c3 Rb8 9. a4 a6 10. Qe2 b5 11. axb5 axb5 12. d4 Nd7 13. Nb3 c4 14. d5 cxb3 15. dxc6 Nc5 16. e5 Be6 17. exd6 exd6 18. Re1 Bc4 19. Qd1 Nd3 20. Bg5 Qc8 21. Be7 Nxe1 22. Nxe1 Re8 23. Bxd6 Ra8 24. Rxa8 Qxa8 25. c7 Qa6 26. Bh3 Bxc3 27. c8Q Qxc8 28. Bxc8 Rxe1+ 29. Qxe1 Bxe1 30. Be5 Kf8 31. f4 Ke7 32. Kg2 1/2-1/2

[Event "SC-2011-0-00120"]
[Site "LSS email"]
[Date "2011.09.20"]
[Round "?"]
[White "Korinek, Jaroslav"]
[Black "Pews, Kristine"]
[Result "1-0"]
[WhiteElo "1832"]
[BlackElo "1656"]
[PlyCount "69"]
[EventDate "2011.08.28"]
[EventType "tourn (corr)"]
[EventRounds "6"]
[EventCountry "GER"]
[SourceTitle "Telechess CBM 157"]
[Source "ChessBase"]
[SourceDate "2013.11.12"]
[SourceVersion "1"]
[SourceVersionDate "2013.11.12"]
[SourceQuality "1"]

1. e4 g6 2. d4 Bg7 3. Nc3 c6 4. Nf3 d5 5. Bd3 Bg4 6. Be3 dxe4 7. Nxe4 Nd7 8. c3 Ngf6 9. h3 Bf5 10. Nxf6+ Nxf6 11. Bxf5 gxf5 12. Qd3 Qd5 13. 0-0 Ne4 14. Ng5 Nd6 15. Bf4 h6 16. Nf3 0-0-0 17. Rfe1 Ne4 18. c4 Qa5 19. Bh2 e6 20. Qe3 Qb4 21. c5 Rd7 22. b3 Qc3 23. Qf4 Kd8 24. Rac1 Qb2 25. Qe3 Qxa2 26. Ra1 Qc2 27. Rxa7 Ke8 28. Bd6 h5 29. Ra8+ Rd8 30. Rxd8+ Kxd8 31. Ng5 Kd7 32. Nxe4 Qxe4 33. Qc3 Bxd4 34. Qa5 Bxf2+ 35. Kh2 1-0

[Event "SC-2011-0-00120"]
[Site "LSS email"]
[Date "2011.09.20"]
[Round "?"]
[White "Pews, Kristine"]
[Black "Vodicka, Milan"]
[Result "0-1"]
[WhiteElo "1656"]
[BlackElo "1938"]
[PlyCount "76"]
[EventDate "2011.08.28"]
[EventType "tourn (corr)"]
[EventRounds "6"]
[EventCountry "GER"]
[SourceTitle "Telechess CBM 155"]
[Source "ChessBase"]
[SourceDate "2013.07.16"]
[SourceVersion "1"]
[SourceVersionDate "2013.07.16"]
[SourceQuality "1"]

1. Nf3 Nf6 2. g3 g6 3. Bg2 Bg7 4. d3 0-0 5. 0-0 d5 6. c3 c6 7. Nbd2 Re8 8. e4 e5 9. Qb3 Nbd7 10. Qc2 a5 11. Re1 a4 12. b4 axb3 13. Nxb3 b5 14. h3 Bb7 15. Be3 Qe7 16. exd5 Nxd5 17. Bd2 c5 18. Rab1 Ra3 19. Ng5 Ba8 20. h4 c4 21. dxc4 bxc4 22. Nd4 Nc5 23. Nb5 Ra6 24. Ne4 Nd3 25. Red1 Bf8 26. Bg5 f6 27. Bc1 f5 28. Ng5 e4 29. a4 Qe5 30. Nd4 h6 31. Nh3 e3 32. f4 Qe7 33. Rxd3 cxd3 34. Qxd3 Rxa4 35. Qb5 Nxc3 36. Qb3+ Kh7 37. Qxc3 Bg7 38. Bxe3 Bxg2 0-1

[Event "SC-2011-0-00120"]
[Site "LSS email"]
[Date "2011.09.18"]
[Round "?"]
[White "Pews, Kristine"]
[Black "Draba, Henryk"]
[Result "1/2-1/2"]
[WhiteElo "1656"]
[BlackElo "1579"]
[PlyCount "81"]
[EventDate "2011.08.28"]
[EventType "tourn (corr)"]
[EventRounds "6"]
[EventCountry "GER"]
[SourceTitle "Telechess CBM 155"]
[Source "ChessBase"]
[SourceDate "2013.07.16"]
[SourceVersion "1"]
[SourceVersionDate "2013.07.16"]
[SourceQuality "1"]

1. Nf3 d5 2. g3 Nc6 3. Bg2 e5 4. d3 Bg4 5. Nbd2 Nf6 6. 0-0 Bd6 7. c3 0-0 8. e4 h6 9. Qc2 Re8 10. b4 a6 11. exd5 Nxd5 12. Re1 Qd7 13. Nc4 Bh3 14. Bd2 Bxg2 15. Kxg2 Qf5 16. Rab1 Rad8 17. a3 Nf6 18. Ne3 Qd7 19. Rbd1 b5 20. Bc1 a5 21. Qe2 axb4 22. axb4 Ra8 23. Bb2 Ra2 24. Ra1 Rea8 25. Rxa2 Rxa2 26. Ra1 Rxa1 27. Bxa1 Qe6 28. c4 bxc4 29. Nxc4 Nxb4 30. Nfxe5 Bxe5 31. Nxe5 c5 32. Qf3 Nc2 33. Qa8+ Kh7 34. Qa4 Qd5+ 35. f3 Ne1+ 36. Kf2 Nxd3+ 37. Nxd3 Qxd3 38. Bxf6 gxf6 39. Qf4 f5 40. Qe3 Qc2+ 41. Qe2 1/2-1/2

[Event "LSS VS005"]
[Site "LSS email"]
[Date "2011.03.29"]
[Round "?"]
[White "Pews, Kristine"]
[Black "Warnest, Stefan"]
[Result "1-0"]
[WhiteElo "1785"]
[BlackElo "1677"]
[PlyCount "81"]
[EventDate "2011.04.08"]
[EventType "tourn (corr)"]
[EventRounds "6"]
[EventCountry "GER"]
[SourceTitle "Telechess CBM 149"]
[Source "ChessBase"]
[SourceDate "2012.07.17"]
[SourceVersion "1"]
[SourceVersionDate "2012.07.17"]
[SourceQuality "1"]

1. Nf3 Nf6 2. g3 g6 3. Bg2 Bg7 4. 0-0 0-0 5. d3 d6 6. Nbd2 c5 7. e4 e5 8. c3 Nc6 9. Nc4 Be6 10. Ne3 b5 11. Ng5 Qd7 12. Nxe6 Qxe6 13. Qb3 Qxb3 14. axb3 a5 15. f4 exf4 16. gxf4 Rfc8 17. Bf3 h5 18. Bd2 Bh6 19. Bg2 Ra7 20. Be1 Kg7 21. Bh4 a4 22. bxa4 Rxa4 23. Rxa4 bxa4 24. Nc4 Ne8 25. e5 dxe5 26. fxe5 g5 27. Bf2 Nd8 28. Nb6 Rb8 29. Nxa4 Ne6 30. Be3 Kg6 31. Be4+ Kg7 32. Nxc5 Rxb2 33. Nxe6+ fxe6 34. Ra1 Kf8 35. Bc5+ Kg8 36. Ra8 Kf7 37. Bc6 Ng7 38. Rf8+ Kg6 39. Rf6+ Kh7 40. Be4+ Nf5 41. Rxe6 1-0

[Event "Berlin Lichtenberger op 7th"]
[Site "Berlin"]
[Date "2008.08.22"]
[Round "7"]
[White "Walter, Guenter2222"]
[Black "Pews, Kristine"]
[Result "1/2-1/2"]
[WhiteElo "2082"]
[BlackElo "1757"]
[PlyCount "39"]
[EventDate "2008.08.16"]
[EventType "swiss"]
[EventRounds "9"]
[EventCountry "GER"]
[SourceTitle "CBM 126 Extra"]
[Source "ChessBase"]
[SourceDate "2008.11.05"]
[SourceVersion "1"]
[SourceVersionDate "2008.11.05"]
[SourceQuality "1"]

1. e4 g6 2. d4 Bg7 3. Nc3 c6 4. Be3 d5 5. Qd2 Nf6 6. exd5 cxd5 7. Bh6 0-0 8. Bxg7 Kxg7 9. 0-0-0 Nc6 10. f3 Bd7 11. h4 h5 12. Nh3 Rc8 13. Nf2 a6 14. Qg5 Be6 15. g4 Qd6 16. gxh5 Nxh5 17. Nh3 Qg3 18. Rg1 Qxg5+ 19. Nxg5 Nf4 20. Ne2 1/2-1/2

[Event "GER-ch Seniors 18th"]
[Site "Dresden"]
[Date "2006.07.23"]
[Round "2"]
[White "Pews, Kristine"]
[Black "Meyer, Heinz"]
[Result "0-1"]
[WhiteElo "1604"]
[BlackElo "1903"]
[PlyCount "64"]
[EventDate "2006.07.22"]
[EventType "swiss"]
[EventRounds "9"]
[EventCountry "GER"]
[SourceTitle "EXT 2022"]
[Source "ChessBase"]
[SourceDate "2021.10.06"]
[SourceVersion "1"]
[SourceVersionDate "2021.10.06"]
[SourceQuality "1"]

1. Nf3 Nf6 2. g3 c5 3. Bg2 g6 4. d3 Bg7 5. 0-0 0-0 6. e4 d6 7. Nbd2 Nc6 8. c3 Ne8 9. h4 Bg4 10. Qc2 Qd7 11. Kh2 h6 12. Nc4 e5 13. Ne3 Be6 14. Ng1 f5 15. exf5 gxf5 16. Bd5 f4 17. Qb3 Nc7 18. Bxe6+ Nxe6 19. gxf4 Rxf4 20. Ng2 Rf7 21. Be3 Raf8 22. Ne2 Kh8 23. Ng3 Nf4 24. Bxf4 exf4 25. Ne4 f3 26. Ne3 Rf4 27. Rh1 Rxh4+ 28. Kg1 Rxh1+ 29. Kxh1 Qh3+ 30. Kg1 Be5 31. Ng3 Bxg3 32. fxg3 f2# 0-1

[Event "GER-ch Seniors 18th"]
[Site "Dresden"]
[Date "2006.07.22"]
[Round "1"]
[White "Zotkin, Alexander"]
[Black "Pews, Kristine"]
[Result "1/2-1/2"]
[WhiteElo "1938"]
[BlackElo "1604"]
[PlyCount "114"]
[EventDate "2006.07.22"]
[EventType "swiss"]
[EventRounds "9"]
[EventCountry "GER"]
[SourceTitle "EXT 2022"]
[Source "ChessBase"]
[SourceDate "2021.10.06"]
[SourceVersion "1"]
[SourceVersionDate "2021.10.06"]
[SourceQuality "1"]

1. e4 g6 2. d4 Bg7 3. Nc3 c6 4. f4 d5 5. e5 h5 6. Nf3 Nh6 7. Bd3 Bg4 8. h3 Bf5 9. Be3 e6 10. Qd2 Nd7 11. 0-0-0 Bxd3 12. Qxd3 h4 13. Ng5 Bf8 14. Bf2 Nf5 15. Ne2 Be7 16. Nf3 Qa5 17. Kb1 c5 18. c4 dxc4 19. Qxc4 b5 20. Qc2 c4 21. g4 hxg3 22. Nxg3 Nxg3 23. Bxg3 Nb6 24. Be1 Qa6 25. h4 Nd5 26. h5 Nxf4 27. Qe4 Nd5 28. Bh4 Bxh4 29. hxg6 0-0-0 30. Nxh4 fxg6 31. Nxg6 Rxh1 32. Rxh1 Qb7 33. Qh4 Qf7 34. Qe4 Rg8 35. Nh4 Rg7 36. Rc1 Qb7 37. Qf3 Qf7 38. Qa3 Qe7 39. Qxe7 Rxe7 40. Ng6 Rf7 41. Rh1 Kc7 42. a4 a6 43. axb5 axb5 44. Rh8 Nb4 45. Rf8 Rg7 46. Rf6 Rh7 47. Rf1 Nc6 48. Nf8 Re7 49. Rf4 Kd8 50. Kc2 Ke8 51. Ng6 Rf7 52. Rh4 Nb4+ 53. Kd1 Rf2 54. Rh8+ Kd7 55. Nf8+ Ke7 56. Ng6+ Kd7 57. Nf8+ Ke7 1/2-1/2

[Event "DESC STS042 email"]
[Site "DESC email"]
[Date "2004.??.??"]
[Round "?"]
[White "Fritsche, Frank"]
[Black "Pews, Kristine"]
[Result "1-0"]
[WhiteElo "2236"]
[BlackElo "1994"]
[PlyCount "81"]
[EventDate "2004.??.??"]
[EventType "tourn (corr)"]
[EventRounds "6"]
[EventCountry "GER"]
[SourceTitle "Corr 2006"]
[Source "ChessBase"]
[SourceDate "2006.04.01"]
[SourceVersion "3"]
[SourceVersionDate "2006.04.01"]
[SourceQuality "1"]

1. e4 g6 2. d4 Bg7 3. Nc3 c6 4. Bc4 d6 5. Be3 Nf6 6. f3 d5 7. Bb3 dxe4 8. Nxe4 Nd5 9. Bf2 0-0 10. Ne2 h6 11. Qd2 Na6 12. 0-0 Nac7 13. c4 Nf6 14. Be3 Kh7 15. Nxf6+ exf6 16. d5 Bd7 17. Rfe1 Re8 18. d6 Ne6 19. Nd4 b6 20. Nxe6 Bxe6 21. Ba4 Qd7 22. c5 Rab8 23. b4 Bc4 24. Bd4 Re6 25. Qc3 Rbe8 26. Rxe6 Bxe6 27. cxb6 Bd5 28. Re1 axb6 29. Rxe8 Qxe8 30. Qe3 Be6 31. Bxb6 Qd7 32. Qc5 Qe8 33. Kf2 Bd7 34. Qe3 Qb8 35. Bc5 Bf8 36. Qd4 Kg7 37. Bb3 Qa8 38. a4 Qb7 39. Bc4 Bf5 40. g4 Bc8 41. h4 1-0

[Event "DESC E0762 email"]
[Site "DESC email"]
[Date "2003.01.17"]
[Round "?"]
[White "Hirscheider, Helmut"]
[Black "Pews, Kristine"]
[Result "1-0"]
[WhiteElo "2121"]
[BlackElo "2015"]
[PlyCount "41"]
[EventDate "2003.??.??"]
[EventType "match (corr)"]
[EventRounds "2"]
[EventCountry "GER"]
[SourceTitle "Corr 2006"]
[Source "ChessBase"]
[SourceDate "2006.04.01"]
[SourceVersion "3"]
[SourceVersionDate "2006.04.01"]
[SourceQuality "1"]

1. e4 e5 2. Nc3 Nf6 3. Bc4 Bc5 4. d3 h6 5. f4 d6 6. Nf3 Bg4 7. fxe5 Bxf3 8. Qxf3 dxe5 9. Qg3 c6 10. Qxe5+ Qe7 11. Qxe7+ Kxe7 12. Ne2 Bd6 13. 0-0 b5 14. Bb3 c5 15. c3 a5 16. d4 cxd4 17. cxd4 a4 18. Bc2 Bb4 19. Rf5 Nbd7 20. Rxb5 Rhc8 21. Bd1 1-0

[Event "DESC E0762 email"]
[Site "DESC email"]
[Date "2003.01.17"]
[Round "?"]
[White "Pews, Kristine"]
[Black "Hirscheider, Helmut"]
[Result "0-1"]
[WhiteElo "2015"]
[BlackElo "2121"]
[PlyCount "42"]
[EventDate "2003.??.??"]
[EventType "match (corr)"]
[EventRounds "2"]
[EventCountry "GER"]
[SourceTitle "Corr 2006"]
[Source "ChessBase"]
[SourceDate "2006.04.01"]
[SourceVersion "3"]
[SourceVersionDate "2006.04.01"]
[SourceQuality "1"]

1. d4 d5 2. c4 dxc4 3. Nc3 c6 4. a4 e5 5. dxe5 Qxd1+ 6. Kxd1 Na6 7. e4 Be6 8. Be3 0-0-0+ 9. Ke1 Bc5 10. Bxc5 Nxc5 11. f4 g6 12. Nf3 f6 13. Kf2 Nh6 14. h3 fxe5 15. Nxe5 Rd2+ 16. Kf3 Nf7 17. Nxf7 Bxf7 18. Rb1 Rhd8 19. Ke3 Rc2 20. Be2 Rdd2 21. Rhd1 Rxd1 0-1

[Event "DESC SE063 email"]
[Site "DESC email"]
[Date "2002.03.20"]
[Round "?"]
[White "Kohl, Klaus"]
[Black "Pews, Kristine"]
[Result "1-0"]
[WhiteElo "2046"]
[BlackElo "2008"]
[PlyCount "77"]
[EventDate "2002.??.??"]
[EventType "tourn (corr)"]
[EventRounds "6"]
[EventCountry "GER"]
[SourceTitle "Corr 2004"]
[Source "ChessBase"]
[SourceDate "2003.04.28"]
[SourceVersion "3"]
[SourceVersionDate "2003.04.28"]
[SourceQuality "1"]

1. d4 d5 2. c4 Nc6 3. Nf3 Bg4 4. cxd5 Qxd5 5. Nc3 Qa5 6. d5 0-0-0 7. Bd2 Bxf3 8. exf3 Nd4 9. Rc1 e5 10. Bc4 Nf6 11. 0-0 Qc5 12. b3 Bd6 13. Be3 Qa5 14. Bxd4 exd4 15. Qxd4 Rhe8 16. Rfd1 Be5 17. Qd3 h6 18. Ne4 a6 19. Qc2 Kb8 20. b4 Qxb4 21. Bxa6 Nxe4 22. fxe4 Qd6 23. Bb5 Bxh2+ 24. Kh1 Re5 25. Rb1 Rh5 26. Bc6 Kc8 27. Qa4 bxc6 28. Qa6+ Kd7 29. dxc6+ Ke8 30. Rxd6 Bxd6+ 31. Kg1 Rc5 32. g3 Rc2 33. Qa4 Rd2 34. Rb5 f6 35. Qc4 Ke7 36. a4 Be5 37. a5 R2d4 38. Qc5+ Ke8 39. a6 1-0

[Event "DESC SE063 email"]
[Site "DESC email"]
[Date "2002.03.20"]
[Round "?"]
[White "Pews, Kristine"]
[Black "Schumacher, Klaus"]
[Result "1-0"]
[WhiteElo "2008"]
[BlackElo "1932"]
[PlyCount "77"]
[EventDate "2002.??.??"]
[EventType "tourn (corr)"]
[EventRounds "6"]
[EventCountry "GER"]
[SourceTitle "Corr 2004"]
[Source "ChessBase"]
[SourceDate "2003.04.28"]
[SourceVersion "3"]
[SourceVersionDate "2003.04.28"]
[SourceQuality "1"]

1. d4 d5 2. c4 dxc4 3. Nc3 a6 4. a4 Nf6 5. e3 Bf5 6. Qf3 Bd7 7. Qxb7 Nc6 8. Bxc4 Na5 9. Qb4 c5 10. dxc5 Rb8 11. Bb5 Nc6 12. Qc4 axb5 13. axb5 Be6 14. Qa4 Ne5 15. Kf1 Rc8 16. Qd4 Nd3 17. c6 Qxd4 18. exd4 Nd5 19. Nge2 g6 20. Nxd5 Bxd5 21. Nc3 Bc4 22. Be3 Nxb2+ 23. Kg1 Bg7 24. Rb1 e5 25. d5 e4 26. Rxb2 Bxd5 27. Bd2 Be6 28. Rc2 Bf5 29. Be3 Rd8 30. h3 Rd3 31. Ne2 Be5 32. Rc1 Kd8 33. g4 Be6 34. b6 Ba2 35. Kg2 Kc8 36. Rc5 Rd5 37. Rhc1 f6 38. Nd4 Bxd4 39. Bxd4 1-0

[Event "DESC A7Kl014 email"]
[Site "DESC email"]
[Date "2002.??.??"]
[Round "?"]
[White "Baermann, Joachim"]
[Black "Pews, Kristine"]
[Result "0-1"]
[WhiteElo "1863"]
[BlackElo "2008"]
[PlyCount "72"]
[EventDate "2002.??.??"]
[EventType "tourn (corr)"]
[EventRounds "6"]
[EventCountry "GER"]
[SourceTitle "Corr 2004"]
[Source "ChessBase"]
[SourceDate "2003.04.28"]
[SourceVersion "3"]
[SourceVersionDate "2003.04.28"]
[SourceQuality "1"]

1. c4 Nf6 2. Nc3 e6 3. Nf3 Bb4 4. g3 Bxc3 5. bxc3 b6 6. Bg2 Bb7 7. 0-0 Nc6 8. d3 0-0 9. e4 d6 10. Bg5 h6 11. Bxf6 Qxf6 12. d4 Na5 13. Qe2 Ba6 14. Nd2 Rad8 15. Rfe1 c5 16. e5 dxe5 17. dxe5 Qg6 18. Be4 f5 19. exf6 Qxf6 20. Rac1 Rd6 21. Rc2 e5 22. Bg2 Qf5 23. Ne4 Rdd8 24. Rd2 Bxc4 25. Qd1 Rxd2 26. Qxd2 Nb7 27. f3 Rd8 28. Qf2 Bd5 29. Qe2 Nd6 30. Nxd6 Rxd6 31. h3 Bc6 32. Qxe5 Qxe5 33. Rxe5 Rd3 34. Re7 Rxc3 35. Rxa7 b5 36. Rc7 Bd5 0-1

[Event "DESC SE056 email"]
[Site "DESC email"]
[Date "2002.??.??"]
[Round "?"]
[White "Breitenstein, Erich"]
[Black "Pews, Kristine"]
[Result "0-1"]
[WhiteElo "1782"]
[BlackElo "2113"]
[PlyCount "82"]
[EventDate "2002.??.??"]
[EventType "tourn (corr)"]
[EventRounds "6"]
[EventCountry "GER"]
[SourceTitle "Corr 2004"]
[Source "ChessBase"]
[SourceDate "2003.04.28"]
[SourceVersion "3"]
[SourceVersionDate "2003.04.28"]
[SourceQuality "1"]

1. e4 e5 2. Nf3 Nc6 3. Bb5 Bc5 4. Bxc6 dxc6 5. d3 Nf6 6. 0-0 Qd6 7. Nbd2 Be6 8. b3 Nd7 9. Nc4 Qe7 10. c3 Bg4 11. b4 Bd6 12. h3 Bh5 13. a4 a6 14. Bg5 f6 15. Be3 0-0 16. Qe2 b5 17. Nxd6 Qxd6 18. d4 f5 19. Qa2+ Bf7 20. Qc2 fxe4 21. Nd2 exd4 22. Bxd4 Bd5 23. axb5 cxb5 24. Rfe1 Rae8 25. Re3 c5 26. bxc5 Nxc5 27. Bxc5 Qxc5 28. Rxa6 Rxf2 29. Kxf2 Rf8+ 30. Nf3 exf3 31. g3 Qc8 32. Qd1 Bc4 33. Rd6 Qxh3 34. Qg1 Qf5 35. Qd1 Qh5 36. Qg1 Bd5 37. Ra6 b4 38. cxb4 Rc8 39. Ra2 Bxa2 40. g4 Qh3 41. Rxf3 Rc2+ 0-1

[Event "DESC E7Kl024 email"]
[Site "DESC email"]
[Date "2002.??.??"]
[Round "1"]
[White "Pews, Kristine"]
[Black "Berends, Hartwig"]
[Result "1/2-1/2"]
[WhiteElo "2003"]
[BlackElo "1917"]
[PlyCount "75"]
[EventDate "2002.??.??"]
[EventType "tourn (corr)"]
[EventRounds "6"]
[EventCountry "GER"]
[SourceTitle "Corr 2004"]
[Source "ChessBase"]
[SourceDate "2003.04.28"]
[SourceVersion "3"]
[SourceVersionDate "2003.04.28"]
[SourceQuality "1"]

1. d4 d5 2. c4 dxc4 3. e4 e5 4. Nf3 Bb4+ 5. Nc3 exd4 6. Nxd4 Qh4 7. Qf3 Nf6 8. Bf4 0-0 9. Bxc4 Re8 10. 0-0 Bxc3 11. bxc3 Bg4 12. Qd3 c5 13. Bg3 Qh6 14. Nb5 Nc6 15. Nd6 Re7 16. f3 Bc8 17. Rfd1 Ne8 18. Bxf7+ Rxf7 19. Nxe8 Be6 20. Nc7 Rd8 21. Qb5 Rxd1+ 22. Rxd1 Rd7 23. Nd5 Bxd5 24. exd5 Qe3+ 25. Bf2 Qxc3 26. Qxc5 Qxc5 27. Bxc5 Kf7 28. Kf2 Ne7 29. Bxe7 Kxe7 30. f4 Kd6 31. Kf3 Rc7 32. Rd2 b6 33. h4 h5 34. Rd3 Rc2 35. a3 b5 36. g4 hxg4+ 37. Kxg4 a5 38. Kf5 1/2-1/2

[Event "DESC A7Kl014 email"]
[Site "DESC email"]
[Date "2002.??.??"]
[Round "?"]
[White "Pews, Kristine"]
[Black "Puechert, Wolfram"]
[Result "0-1"]
[WhiteElo "2008"]
[BlackElo "1875"]
[PlyCount "70"]
[EventDate "2002.??.??"]
[EventType "tourn (corr)"]
[EventRounds "6"]
[EventCountry "GER"]
[SourceTitle "Corr 2004"]
[Source "ChessBase"]
[SourceDate "2003.04.28"]
[SourceVersion "3"]
[SourceVersionDate "2003.04.28"]
[SourceQuality "1"]

1. d4 f5 2. c4 Nf6 3. Nc3 c5 4. e3 e6 5. Nf3 Be7 6. d5 d6 7. dxe6 Bxe6 8. Ng5 Bd7 9. Be2 Nc6 10. 0-0 0-0 11. Nd5 Ne4 12. Nxe4 fxe4 13. Nc3 Be6 14. Nxe4 d5 15. cxd5 Bxd5 16. Nc3 Be6 17. Bf3 Qe8 18. Bd5 Bxd5 19. Nxd5 Rd8 20. Qb3 Rf7 21. e4 b6 22. Be3 Bd6 23. Bg5 Rdd7 24. Rae1 Nd4 25. Qd1 Ne6 26. Qg4 Nxg5 27. Qxg5 Be5 28. b3 Rd6 29. Kh1 Rg6 30. Qd2 Rd7 31. f4 Bd4 32. f5 Rgd6 33. Qf4 Be5 34. Qg4 Kh8 35. Nc7 Rxc7 0-1